000 00482nam a2200181Ia 4500
005 20250326123934.0
008 250326s9999 xx 000 0 und d
037 _aTextbook
040 _aFMSL
_beng
_cFMSL
041 _aeng
_2eng
084 _aT:51 H8
_qFMSL
100 _aLawshe C H
_987006
245 0 _aPrinciples of personnel testing
_cLawshe C H
260 _aNY
_bNY, McGraw-Hill
_c1948
300 _a227p
942 _cTB
_hT:51 H8
999 _c1271573
_d1271573